Lenguaje en textos: la retórica en la literatura de Grecia y Roma
Kaydedildi:
| Yazar: | |
|---|---|
| Materyal Türü: | Kitap |
| Dil: | Undetermined |
| Baskı/Yayın Bilgisi: |
San José, Costa Rica
Universidad de Costa Rica, Facultad de Letras, Escuela de Filología, Lingüística y Literatura
2016
|
| Konular: | |
| Etiketler: |
Etiketle
Etiket eklenmemiş, İlk siz ekleyin!
|
MARC
| LEADER | 00000nam a2200000Ia 4500 | ||
|---|---|---|---|
| 008 | 170316s9999 xx 000 0 und d | ||
| 090 | |a TESIS 911 | ||
| 100 | |a Alfaro Pérez, Beatriz Eugenia; Murillo Goussen, Sindia Alejandra; Pacheco Padilla, Ana Gabriela; Solano Corrales, Lucerito de Jesús | ||
| 245 | |a Lenguaje en textos: la retórica en la literatura de Grecia y Roma | ||
| 260 | |a San José, Costa Rica | ||
| 260 | |b Universidad de Costa Rica, Facultad de Letras, Escuela de Filología, Lingüística y Literatura | ||
| 260 | |c 2016 | ||
| 300 | |a 451 páginas | ||
| 650 | |a TRABAJO FINAL DE GRADUACIÓN | ||
| 650 | |a TESIS | ||
| 650 | |a LA RETÓRICA | ||
| 650 | |a RETÓRICA ESCOLAR | ||
| 650 | |a RETÓRICA CLÁSICA GRIEGA | ||
| 650 | |a LA RETÓRICA A ALEJANDRO | ||
| 650 | |a LA RETÓRICA DE ARISTÓTELES | ||
| 650 | |a DISCURSO DE CUMPLEAÑOS | ||
| 650 | |a ANÁLISIS DE LOS DISCURSOS DE CUMPLEAÑOS | ||
| 650 | |a EL EPITALAMIO | ||
| 650 | |a MUJER Y SOCIEDAD | ||
| 650 | |a LAS BODAS | ||
| 650 | |a SUBGÉNERO EPITALÁMICO | ||
| 650 | |a SAFO | ||
| 650 | |a TEÓCRITO | ||
| 650 | |a CATULO | ||
| 650 | |a DISCURSO DEL LECHO NUPCIAL | ||
| 650 | |a EL MATRIMONIO | ||
| 650 | |a LOS FESCENINOS | ||
| 650 | |a CLAUDIANO | ||
| 999 | |c 30365 |d 30365 | ||
| 040 | |a cru BVZT | ||
| 942 | |c 15 D |h TESIS 911 |2 z | ||
